[Event "Mozhaisk"]
[Site "Mozhaisk"]
[Date "2007.09.12"]
[Round "10"]
[White "Nikolaenko, Andrej"]
[Black "Nikolaenko, Vitaliy"]
[Result "1-0"]
[WhiteElo "2203"]
[BlackElo "2188"]
[PlyCount "75"]
[EventDate "2007.09.07"]
[EventType "tourn"]
[EventRounds "11"]
[EventCountry "RUS"]
[EventCategory "2"]
[SourceTitle "EXT 2009"]
[Source "ChessBase"]
[SourceDate "2008.11.26"]
[SourceVersion "1"]
[SourceVersionDate "2008.11.26"]
[SourceQuality "1"]

1. d4 Nf6 2. c4 g6 3. Nc3 Bg7 4. g3 0-0 5. Bg2 d6 6. Nf3 c6 7. 0-0 Qa5 8. h3 Qh5 9. Ng5 Na6 10. Bf3 Qh6 11. h4 Bd7 12. Ne6 Bxe6 13. Bxh6 Bxh6 14. d5 cxd5 15. Nxd5 Nxd5 16. Bxd5 Bxd5 17. Qxd5 Rab8 18. a3 Rfc8 19. b4 Bg7 20. Rad1 h5 21. Qe4 Bf6 22. Rd3 Nc7 23. f4 b5 24. f5 bxc4 25. Qxc4 Ne6 26. Qa2 Nf8 27. fxg6 Nxg6 28. Rxd6 exd6 29. Rxf6 Ne5 30. Rf5 Rc3 31. Rg5+ Kf8 32. Rxh5 Rxg3+ 33. Kh2 Rg8 34. Rg5 Rh8 35. h5 Rc8 36. Qd5 Ke7 37. b5 Rc2 38. Rxe5+ 1-0